[Event "Biel"]
[Site "Biel"]
[Date "1994.??.??"]
[Round "5"]
[White "Landenbergue, Claude"]
[Black "Forster, Richard"]
[Result "1-0"]
[WhiteElo "2450"]
[BlackElo "2380"]
[Annotator "Hecht,H"]
[PlyCount "117"]
[EventDate "1994.07.??"]
[EventType "tourn"]
[EventRounds "11"]
[EventCountry "SUI"]
[EventCategory "10"]
[SourceTitle "CBM 043"]
[Source "ChessBase"]
[SourceDate "1994.12.01"]
[SourceVersion "1"]
[SourceVersionDate "1994.12.01"]
[SourceQuality "1"]

1. Nf3 Nf6 2. c4 g6 3. b4 Bg7 4. Bb2 O-O 5. g3 d6 6. Bg2 e5 7. d3 h6 8. O-O Nc6
9. b5 Ne7 10. a4 Be6 11. Nbd2 Qd7 12. Qc2 Bh3 13. d4 exd4 14. Bxd4 Bxg2 15.
Kxg2 Nf5 16. Bc3 Ng4 17. Qd3 Bxc3 18. Qxc3 Qe7 19. e4 Ng7 20. Rad1 Rfe8 21.
Rfe1 Ne6 22. h3 Qf6 23. Qc1 Ne5 24. Nxe5 dxe5 25. Nf3 Kg7 26. Rd3 Ng5 27. Nxg5
hxg5 28. Red1 a6 29. Qb2 axb5 30. axb5 Ra4 31. Qe2 b6 32. Rd7 Re7 33. R1d5 Qe6
34. Rd8 Re8 35. Rxe8 Qxe8 36. Qc2 Ra7 37. Qc3 f6 38. Qd3 c5 39. Rd6 Rb7 40. Qd5
Qf7 41. Qc6 Qe7 42. Rxf6 Qxf6 43. Qxb7+ Kh6 44. Qc6 Qd8 45. Qd5 Qe7 46. Qg8 Qf6
47. Kg1 g4 (47... Qg7 48. Qxg7+ Kxg7 49. Kf1 Kh6 (49... Kh7 50. Ke2 Kh6 51. Ke3
Kg7 52. Kf3 Kh7 53. Kg4 Kh6 54. f3 $18) 50. Ke2 Kh5 51. Kf3 g4+ 52. hxg4+ Kg5 (
52... Kh6 53. Kg2 g5 54. f4 Kg6 55. fxg5 Kf7 56. Kh3 Kg7 57. g6 Kxg6 58. Kh4
Kh6 59. g5+ Kg6 60. Kg4 $18) 53. Kg2 Kxg4 54. f3+ Kg5 55. Kh3 Kh5 56. f4 g5 57.
fxe5 g4+ 58. Kg2 Kg6 59. Kf2 Kf7 60. Ke3 $18) 48. hxg4 Kg5 49. Qe8 Qd6 50. Kg2
Qf6 51. Qc6 Qd8 52. Qd5 Qe7 53. f4+ Kf6 54. g5+ Kg7 55. Qxe5+ Qxe5 56. fxe5 {
[#]} Kf7 57. Kf3 Ke7 (57... Ke6 58. Kf4 Ke7 59. e6 Kxe6 60. e5 Ke7 61. Ke4 Ke6
62. g4 Ke7 63. Kd5 Kd7 64. e6+ $18) 58. e6 (58. Kf4 Ke6 59. g4 $2 Ke7 60. e6
Kxe6 61. e5 Ke7 62. Ke3 Kd7 63. Kd3 Ke7 64. Ke4 Ke6 $10) 58... Kd6 (58... Kxe6
59. Kf4 Kd6 60. e5+ Kd7 61. Ke4 Ke6 62. g4 $18) 59. e7 1-0

[Event "Varna-19"]
[Site "Varna"]
[Date "1980.05.15"]
[Round "1"]
[White "Filipowicz, Andrzej"]
[Black "Hesse, Peter"]
[Result "0-1"]
[WhiteElo "2390"]
[BlackElo "2440"]
[Annotator "Hesse,P"]
[PlyCount "74"]
[EventDate "1980.05.15"]
[EventType "tourn"]
[EventRounds "13"]
[EventCountry "BUL"]
[EventCategory "7"]
[SourceTitle "EXT 2005"]
[Source "ChessBase"]
[SourceDate "2004.11.15"]
[SourceVersion "1"]
[SourceVersionDate "2004.11.15"]
[SourceQuality "1"]

{SCHACH 9/1980} 1. Nf3 Nf6 2. g3 g6 3. b3 Bg7 4. Bb2 d6 5. Bg2 O-O 6. O-O e5 7.
c4 Nbd7 8. Nc3 h6 9. d4 Re8 10. e3 c6 11. dxe5 dxe5 12. Qc2 {Kein günstiges
Feld für die Dame im Zusammenhang mit 10.e3} Nc5 13. Rfd1 Qc7 14. b4 Bf5 15.
Qe2 Nd3 $1 16. Ba3 e4 17. Nd4 Bg4 18. f3 exf3 19. Nxf3 Ne5 20. Rac1 h5 ({
Besser war} 20... Qe7 $1 {mit den Drohungen 21...Nxf3 und 21...a5}) 21. b5 Re6
22. bxc6 bxc6 23. Bc5 Rae8 24. Bd4 Qa5 ({bei gleich} 24... Bh6 {könnte Weiss
mit} 25. Nd5 {noch Verwicklungen schaffen. Einen guten Zug besitzt Weiss
ohnehin nicht.}) 25. c5 Bh6 26. Re1 Nxf3+ 27. Bxf3 Bxe3+ 28. Bxe3 Rxe3 29. Qxe3
Rxe3 30. Rxe3 Qxc5 31. Kf2 Bxf3 32. Kxf3 Ng4 33. Re2 h4 {Um dem weissen König
das Feld g2 zu nehmen.} 34. gxh4 Qf5+ 35. Kg3 Ne5 36. Re3 Qg4+ 37. Kf2 Qxh4+ {
time} (37... Qxh4+ 38. Kf1 Qf4+ $1 39. Ke2 Qxh2+ 40. Ke1 Qg1+ 41. Kd2 Nc4+) 0-1

[Event "POL-ch 60th"]
[Site "Warsaw"]
[Date "2003.05.03"]
[Round "12"]
[White "Kempinski, Robert"]
[Black "Bartel, Mateusz"]
[Result "0-1"]
[WhiteElo "2553"]
[BlackElo "2443"]
[Annotator "Konikowski,J"]
[PlyCount "86"]
[EventDate "2003.04.22"]
[EventType "tourn"]
[EventRounds "13"]
[EventCountry "POL"]
[EventCategory "12"]
[SourceTitle "CBM 095"]
[Source "ChessBase"]
[SourceDate "2003.07.25"]
[SourceVersion "1"]
[SourceVersionDate "2003.07.25"]
[SourceQuality "1"]

1. c4 e5 2. d3 Nc6 3. a3 g6 4. b4 Bg7 5. Bb2 d6 6. e3 Nf6 7. Nf3 O-O 8. Be2 a5
(8... Re8 9. O-O Bf5 10. Nbd2 a5 11. b5 {1/2-1/2 Csom,I-Petran,P/HUN 1993/}) 9.
b5 Ne7 10. O-O h6 11. Nc3 g5 (11... Re8 12. Qc2 $14) 12. d4 g4 13. dxe5 gxf3
14. exf6 fxg2 (14... fxe2 15. Nxe2 $18) 15. fxg7 gxf1=Q+ 16. Qxf1 Re8 (16...
Kxg7 17. Nd5+ f6 18. Qg2+ Kh7 19. Kh1 $18) 17. Bf3 $2 (17. Ne4 $142) 17... Ng6
(17... Kxg7 $2 18. Nd5+ Kf8 19. Bf6 $18) 18. Bg2 Nh4 (18... Ne5 $5) 19. Nd5 Re6
20. Nf4 Re5 21. Kh1 (21. Bxe5 $5 dxe5 22. Ne2 $14) 21... Nxg2 22. Qxg2 (22.
Bxe5 $5) 22... Rg5 23. Qe4 c6 24. f3 Bf5 25. Qd4 Qe7 26. Rd1 (26. h4 $5 Rg3 27.
Nh5 Rh3+ 28. Kg2 Qe5 29. Nf6+ Kxg7 30. Ng4 Rg3+ 31. Kf2 Bxg4 32. Qxe5+ dxe5 33.
Bxe5+ Kg6 34. Kxg3 $16) 26... Re8 27. e4 Bh7 28. a4 Qe5 (28... f5 $142 29. bxc6
bxc6 $15) 29. Nd3 $4 {[%mdl 8192]} (29. Nh3 $142 Rg6 30. Qf2 $14) 29... Qxd4
30. Bxd4 Rxe4 $1 {[%mdl 512]} 31. Bf6 (31. fxe4 Bxe4#) 31... Re6 (31... Re3 $5
32. Bxg5 hxg5 $19) 32. Bxg5 hxg5 33. Nf2 Kxg7 34. Rd2 Kf6 35. Kg2 Ke7 36. f4
gxf4 37. Kf3 (37. Rb2 $19) 37... Re3+ 38. Kxf4 Rc3 39. Re2+ Kf8 40. Ng4 Rxc4+
41. Kg5 Kg7 42. bxc6 bxc6 43. Rd2 (43. Re7 $19) 43... f6+ $1 (43... f6+ 44.
Nxf6 Rc5+ 45. Kh4 Kxf6 46. Rxd6+ Ke5 $19) 0-1

[Event "EU-chT (Men) 20th"]
[Site "Reykjavik"]
[Date "2015.11.22"]
[Round "9.2"]
[White "Marin, Mihail"]
[Black "Howell, David"]
[Result "1/2-1/2"]
[WhiteElo "2589"]
[BlackElo "2693"]
[Annotator "Marin,M"]
[PlyCount "78"]
[EventDate "2015.11.13"]
[EventType "team-swiss"]
[EventRounds "9"]
[EventCountry "ISL"]
[SourceTitle "CBM 170"]
[Source "ChessBase"]
[SourceDate "2016.01.15"]
[SourceVersion "1"]
[SourceVersionDate "2016.01.15"]
[SourceQuality "1"]
[WhiteTeam "Romania"]
[BlackTeam "England"]
[WhiteTeamCountry "ROU"]
[BlackTeamCountry "ENG"]
[WhiteClock "1:10:07"]
[BlackClock "0:39:48"]

1. Nf3 Nf6 2. g3 g6 3. b3 Bg7 4. Bb2 O-O 5. c4 d6 6. Bg2 e5 7. d3 {After my
8th round win against Berg, I could not resist the temptation to repeat the
opening. The game was played in the morning so I assumed my opponent would not
have the time to check all my openings and even less such a "sideline". My
thoughts proved true since David played the opening phase very slowly.} Re8 ({
The aforementioned game went} 7... Nc6 {Marin,M (2580)-Berg,E (2573) Reykjavik
2015 CBM 170 [Marin] (1-0, 60)}) 8. O-O a5 9. a3 c6 10. Nbd2 Nbd7 {Black
prepares ...d6-d5 at the cost of slightly delaying the queenside development.}
({Another possible approach examined in my article is} 10... Na6 11. Qc2 Bd7
12. Bc3 b5 {Taimanov,M (2510)-Ruderfer,M (2400) Moscow 1979 MCD [Marin] (½-½,
45)}) 11. b4 $5 ({I remembered quite clearly that in my article I had focused
on} 11. Qc2 {. preparing to occupy the c-file if Black displays ambitions in
the centre, as in Horvath,J (2551)-Popovic,P (2532) Austria 2001 EXT 2002 
[Marin] (1-0, 41). But over the board I was carried away by another thought:
what if, after my entertaining Breyer game Svetushkin,D (2586)-Marin,M (2580)
Reykjavik 2015 CBM 170 [Marin 170] (1/2-1/2, 41) I would use the same setup
with reversed colours?!}) 11... d5 12. e4 {The similarity of my position with
the game against Svetushkin was so obvious that the Romanian captains later
confessed me they had been making jokes during the game about me playing the
Breyer with either colour!} dxe4 {David played this after a long period of
thought.} ({The most ambitious move is} 12... d4 {with a genuine reversed
Breyer structure. The main difference is that the bishop is on g7 instead of
c7.} 13. c5 b6 {The critical move.} ({The Ruy Lopez approach} 13... Nf8 $2 {
is pointless because the knight does not have the g6-square at its disposal
and after} 14. Nc4 {the b6-square is vulnerable.}) 14. cxb6 ({During the game
I considered} 14. Nc4 {as a candidate but after} Ba6 15. Nd6 Re7 {the knight
risks being trapped.}) 14... axb4 $6 ({The exchanges initiated with this move
played in both previous games reaching this position help White activate his
pieces on the queenside. A better move is} 14... Nxb6 15. Qc2 Bf8 $13) 15. axb4
Rxa1 16. Qxa1 Qxb6 (16... Nxb6 17. Rc1 $14) 17. Nc4 Qxb4 {I had reached this
point in my calculation and evaluated that White has overwhelming compensation
for the pawn, without knowing that this had been played before.} 18. Ba3 ({
My other candidate was} 18. Rb1) 18... Qa4 (18... Qb3 19. Nfd2 Qxd3 20. Rc1 Qe2
21. Qb1 $1 {[%csl Gd3][%cal Gg2f3]} Qg4 (21... Ng4 22. Rf1 Ba6 23. Bf3 Bxc4 24.
Bxe2 Bxe2 25. Re1) 22. Nd6 $16 {[%cal Gc1c6]}) 19. Bd6 Qxa1 20. Rxa1 {I
stopped my calculating in this position, with the same pleasant evaluation.}
Bf8 21. Ra8 (21. Bxf8 Kxf8 22. Ra7) 21... c5 22. Ra7 Re6 {Dobrovolsky,L (2390)
-Konopka,M (2425) Ceske Budejovice 1993 (1-0, 29)} 23. Bxf8 Nxf8 24. Rc7 (24.
Nfxe5 Ra6 $5 $14) 24... Bd7 25. Nfxe5 Ra6 26. Bf1 Ra1 27. Kg2 $16) 13. dxe4 {
[%cal Gc4c5,Gd2c4]} c5 {This was David's idea. After blocking the queenside,
both sides will have to prepare an invasion of the central d4/d5 squares.} 14.
b5 $146 {An involuntary novelty, as I had been on my own ever since 11.b4. The
position is almost symmetrical but White's queenside space advantage and
slightly better development make his position more pleasant.} (14. Bc3 $6 axb4
15. axb4 Rxa1 16. Qxa1 cxb4 17. Bxb4 {[%csl Gc5]} Qc7 18. Qc1 b6 19. Ne1 Nc5
$17 {Gryncharov,G-Donchev,D (2440) Elenite 1987 (0-1, 41)}) 14... Qc7 {[%csl
Ge5][%cal Gd7f8,Gf8e6]} 15. Ne1 {I played this without hesitation as I wanted
to bring my knight as soon as possible to d5 and clear the path for my f-pawn
along the way. But there were several other possibilities, some of them based
on manoeuvring with the other knight, which actually needs fewer tempi to
reach d5.} ({At a later stage of the game I regretted that I did not leave the
knight on f3 for a bit longer, so as to force Black into over-protecting e5.
And since I played a3-a4 and Ra3 anyway, I thought it might have been wiser to
start with these moves.} 15. a4 Nf8 16. Ra3 N6d7 17. Ne1 Ne6 18. Nc2 Nd4 19.
Ne3 Nb6 20. Nd5) (15. Qc2 Nf8 16. Rad1 N6d7 17. Nb1 Ne6 18. Nc3 Nd4 19. Nd5 Qd8
20. Nxd4 exd4 21. Bc1 Nb6 22. a4 Nxd5 23. cxd5 b6 24. f4 f6 $11 {This is
similar to the final stage of game.}) (15. Re1 $5 {I find this to be the main
candidate for my plan.} Nf8 16. a4 Bg4 (16... N6d7 17. Nf1 Ne6 18. Ne3 Nd4 19.
Nd5 Qd8 20. Ba3 $14) 17. h3 Bxf3 18. Qxf3 Ne6 19. Nf1 Rad8 20. Qc3 Nd4 21. Ne3
b6 22. h4 {[%cal Gg2h3] The engines give this as completely equal but I
believe that the bishop pair offers White some sort of long term (even though
symbolic) advantage.}) 15... Nf8 16. Nc2 Ne6 ({During the game I assumed that
after} 16... Bh6 17. Ne3 Bxe3 18. fxe3 {I would inevitably get the upper hand
by transferring the other knight to d5, while Black would be deprived of the
same plan. This is correct, but I failed to notice that this actually implied
a promising pawn sacrifice:} Bg4 (18... N6d7 19. Nb1 Nb6 20. Nc3 Nxc4 21. Nd5
Qd8 22. Qc2 Nxb2 23. Qxb2 $36) 19. Qc2 N6d7 20. Nb1 Be6 21. Nc3 Bxc4 22. Nd5
Bxd5 23. exd5 Qd6 24. e4 Nb6 25. a4 Nfd7 26. Bh3 {Despite his extra pawn Black
is quite passive, but it remains an open question whether White can really
break his position.}) 17. Ne3 Nd4 18. a4 Qd8 19. Ra3 {I thought this would be
the best way to activate the rook, hoping to transfer it to the kingside along
the third rank. But in the game this did not happen...} h5 20. Nd5 Bh6 21. Nb3
{I later found out that at this moment my team mates shared my confidence that
White has the initiative.} Nxd5 $1 {The most accurate answer, forcing me to
display my intentions in the centre.} (21... b6 22. Nxd4 cxd4 (22... exd4 23.
Nxf6+ Qxf6 24. e5) 23. f4 Nxd5 24. cxd5 f6 25. f5 $36) (21... Qd6 22. Nxf6+
Qxf6 23. Nxc5 Bf8 24. Bxd4 exd4 25. Rf3 Qg5 26. Nd3 Bg4 27. e5 $44 {[%csl Gd3]
/+/=}) (21... Nxb3 22. Qxb3 Nxd5 23. cxd5 $14 {[%cal Gb3c4,Gf2f4,Ga3f3]}) 22.
cxd5 (22. exd5 Bg4 23. f3 Bf5 $15) 22... b6 23. Nxd4 $6 ({I rightly discarded} 
23. Nd2 {because of} f5 24. f4 (24. Nc4 f4 25. Bc1 Ra7 26. gxf4 Bxf4 27. Bxf4
exf4 28. Kh1 g5 $13) (24. exf5 Bxf5 $132) 24... fxe4 (24... exf4 25. Bxd4 cxd4
26. e5 Rxe5 27. Nc4 $36 Rxd5 $2 28. Nxb6 $18) 25. Nxe4 Bg4 26. Qd2 Ra7 $13 {
[%cal Ga7f7]}) (23. Bxd4 cxd4 24. f4 Bg4 25. Qd3 Rc8 $15) (23. Qd3 $1 h4 24. f4
$14) 23... exd4 (23... cxd4 $2 24. f4) 24. f4 f6 $1 {I completely
underestimated this move, which slows down my central pawns.} 25. Re1 ({
I did not find anything encouraging after the thematic} 25. f5 gxf5 ({David
also suggested} 25... Ra7 26. fxg6 Re5) 26. Qxh5 Bg7 27. Qg6 Ra7 {[%csl Gb2]})
25... Qd6 26. Qc2 Ra7 27. Raa1 {By now I had resigned myself to the idea of a
draw, even though my opponent's severe time trouble gave me some hope.} Rae7
28. Bc1 Bf5 {In principle this is a blunder, but... a lucky one as Black has
one saving trick in the critical line below.} 29. Bd2 Bd7 ({David had
initially planned} 29... Qxd5 {overlooking} 30. exf5) 30. h4 ({It really hurt
that} 30. e5 {does not win:} fxe5 31. fxe5 Rxe5 ({After his carelessness,
David also considered} 31... d3 {but this seems insufficient:} 32. Qxd3 Rxe5
33. Rxe5 Qxe5 34. Qxg6+ $16) 32. Rxe5 Rxe5 33. Bxh6 g5 $1 $15 {[%csl Gc5,Gd4]
Quite a nasty move, trapping the extra bishop. My last move actually renews
the threat but such a strong opponent could not blunder for the second time in
a row in the same way.}) 30... Kh7 31. Qd3 Bg4 32. Rf1 Qd7 33. Kh2 Qc7 34. Rf2
Qd7 35. Raf1 Qd6 36. Bc1 Rg8 37. Bd2 Rge8 38. Re1 Qc7 39. Ref1 Qd6 {And one
move before the official limit we agreed to a draw by repetition.} 1/2-1/2